000 00745cab a2200265 4500
001 WB3434-48
008 090401t1998 xxu||||| |||| 00| 0 eng d
035 _a(Sirsi) u88405
041 _aeng
245 _aTell me the old old story
260 _c1998
350 _a0
490 _aGuardian
_v10 September 1998, 17(3)
520 _aAssisted areas in the UK have experienced varying levels of renewal through inward investment. Map highlighting regional figures.
650 _aASSISTED AREAS
650 _aGDP
650 _aINWARD INVESTMENT
650 _aREGIONAL DEVELOPMENT
650 _aREGIONS
650 _aUNEMPLOYMENT
650 _aURBAN REGENERATION
690 _aURBAN RENEWAL
942 _n0
948 _c10/09/1998
999 _c55843
_d55843